| 000 | 01045nam a22002415i 4500 | ||
|---|---|---|---|
| 001 | 54955 | ||
| 003 | ES-MaACL | ||
| 005 | 20230906163044.0 | ||
| 007 | t| | ||
| 008 | 950717s1895 sp ||||1| spa d | ||
| 040 |
_aCAM _bspa _cCAM |
||
| 100 | 1 |
_aDato, Eduardo, _d1856-1921 _942789 |
|
| 245 | 1 | 0 |
_aCausa sobre el testamento ológrafo de D. Emilio Carranza _b: Informe pronunciado ante la Sala Segunda del Tribunal Supremo en los dias 27 y 28 de junio de 1895 en defensa de Don José Rodriguez Zapata / _cpor el letrado Don Eduardo Dato Iradier. |
| 260 |
_aMadrid : _b[s.n.], _c[1895?] ( _fRomero, impresor) |
||
| 300 |
_a83 p. ; _c22 cm. |
||
| 530 | _aDisponible en formato digital. | ||
| 650 | 4 |
_aTestamentos ológrafos- _zEspaña. _9157283 |
|
| 700 | 1 |
_aCarranza, Emilio. _935502 |
|
| 700 | 1 |
_aRodríguez Zapata, José. _998878 |
|
| 852 |
_aES-MaACL _jT-892-F-4 _zDonat. Sociedad de Acuarelistas de Madrid |
||
| 856 |
_uhttp://bdh-rd.bne.es/viewer.vm?id=0000152782&page=1 _zBiblioteca Digital Hispánica |
||
| 999 |
_c54955 _d54955 |
||